Statistiken für Deutschsprachige Regisseure nach Filmen

Klicken Sie hier um das Quiz zu spielen!

Allgemein

  • Dieses Quiz wurde 74 mal gespielt
  • Das Durchschnittsergebnis liegt bei 9 aus 20

Antwortstatistiken

HintAntwort% Korrekt
Der Schuh des Manitu; (T)Raumschiff Surprise; BullyparadeMichael Bully Herbig
92%
Keinohrhasen, Kokowääh, Honig im KopfTil Schweiger
90%
Ödipussi, Pappa ante portasLoriot
68%
2012, Independence Day, Der Patriot, MidwayRoland Emmerich
60%
What a Man; Schlussmacher; VaterfreudenMatthias Schweighöfer
59%
Metropolis, M, Dr MabuseFritz Lang
57%
Lola rennt; Babylon Berlin; The International; Cloud AtlasTom Tykwer
51%
Das Boot; Die unendliche Geschichte; Air Force OneWolfgang Petersen
51%
Triumph des Willens; Sieg des Glaubens; OlympiaLeni Riefenstahl
48%
Angst essen Seele auf, Berlin Alexanderplatz, Die Ehe der Maria BraunRainer Werner Fassbinder
46%
Aguirre, der Zorn Gottes; Fitzcarraldo; WoyzeckWerner Herzog
46%
Paris, Texas; Der Himmel über Berlin; Buena Vista Social ClubWim Wenders
46%
Das Leben der Anderen;The Tourist; Werk ohne AutorFlorian Henckel von Donnersmarck
41%
Soul Kitchen; Tschick; Gegen die Wand; Der Goldene HandschuhFatih Akin
35%
Das weiße Band; Liebe(Amour); Die Klavierspielerin; CachéMichael Haneke
30%
Die Blechtrommel; Homo Faber; Die FälschungVolker Schlöndorff
24%
Jenseits der Stille, Nirgendwo in Afrika, Der Junge muss an die frische LuftCaroline Link
22%
Toni Erdmann, Alle anderen, Der Wald vor lauter BäumenMaren Ade
17%
Sonnenallee, Herr Lehmann, NVA, Das PubertierLeander Haußmann
14%
Der blaue Engel; Unterwelt; Shanghai-ExpressJosef von Sternberg
11%

Verteilung der Resultate

Perzentil nach korrekt beantworteten Fragen

Anzahl Personen mit jedem Resultat

Ihre Resultats-Entwicklung

Sie haben dieses Quiz noch nicht gespielt